[Event "Brezova op"]
[Site "Brezova pod Bradlom"]
[Date "2010.08.23"]
[Round "2"]
[White "Danada, Ondrej"]
[Black "McCurley, Arthur"]
[Result "1/2-1/2"]
[WhiteElo "1895"]
[BlackElo "1714"]
[PlyCount "54"]
[EventDate "2010.08.22"]
[EventType "swiss"]
[EventRounds "9"]
[EventCountry "SVK"]
[SourceTitle "CBM 138 Extra"]
[Source "ChessBase"]
[SourceDate "2010.10.29"]
[SourceVersion "1"]
[SourceVersionDate "2010.10.29"]
[SourceQuality "1"]

1. e4 Nc6 2. d4 d5 3. e5 e6 4. c3 f6 5. exf6 Nxf6 6. f4 Bd6 7. Nf3 0-0 8. Bd3 Ne7 9. 0-0 c5 10. g3 Nc6 11. Ne5 Qb6 12. Nxc6 bxc6 13. dxc5 Qxc5+ 14. Kg2 e5 15. fxe5 Bxe5 16. Bf4 Bg4 17. Be2 Bxe2 18. Qxe2 Bxf4 19. Rxf4 Ne4 20. Nd2 Rxf4 21. gxf4 Nxd2 22. Qxd2 Rf8 23. Re1 Qd6 24. Re5 Qg6+ 25. Kf3 Qh6 26. Kg4 Qg6+ 27. Kf3 Qh6 1/2-1/2